<The> True Nature of the Portfolio Balance Channel of Quantitative Easing Policy

Analýza efektu programu Európskej centrálnej banky na portfólia investorov v eurozóne. Použitie kontrafaktuálnej analýzy a použitie analýzy regresie sektorových dát držby aktív rôznych investorov v eurozóne.

Guardado en:
Detalles Bibliográficos
Autor principal: Jakl, Jakub
Formato: Capítulo de libro
Lenguaje:inglés
Materias:
Etiquetas: Agregar Etiqueta
Sin Etiquetas, Sea el primero en etiquetar este registro!

MARC

LEADER 00000naa a2200000 4500
001 0257690
005 20241121133254.9
041 0 |a eng 
044 |a CZ 
245 1 0 |a <The> True Nature of the Portfolio Balance Channel of Quantitative Easing Policy  |c Jakub Jakl 
520 |a Analýza efektu programu Európskej centrálnej banky na portfólia investorov v eurozóne. Použitie kontrafaktuálnej analýzy a použitie analýzy regresie sektorových dát držby aktív rôznych investorov v eurozóne. 
610 2 0 |a eurozóna 
610 2 0 |a sektor verejný 
610 2 0 |a banky centrálne 
610 2 0 |a emisia 
610 2 0 |a uvoľňovanie kvantitatívne 
100 1 |a Jakl, Jakub